000 00705nam a22002537a 4500
008
020 _a058258857X (pbk.)
049 _aMAIN
090 _aT353
_bBAN
100 1 _aBankole, A.
245 1 0 _aTechnical drawing 2 :
_bmechanical drawing /
_cA. Bankole, S. Bland.
250 _a2nd. ed.
260 _aLondon :
_bLongman,
_c1990.
300 _aiv, 156 p. :
_bill. ;
_c18 cm.
653 0 _aTechnical drawing.
650 _aArchitecture
_xdrawing.
650 _aEngineering
_xdrawing.
700 1 _aBland, Steve.
907 _a.b10028857
_b06-03-13
_c17-04-03
003
005 20230123133600.0
040 _cNUST
942 _cBOOKS
_kT353
_mBAN
999 _c151090
_d151090